Protagonismo de las asociaciones municipales en el proceso de descentralización

En principio y a modo de explicación, este texto ha sido el resultado de la labor de investigación, combinado con el estudio en libros y corroborando información, realizando entrevistas, comparando opiniones en distintas fuentes de información disponible en medios digitales, consultando en muchos ca...

Full description

Bibliographic Details
Main Author: Céspedes Inostroza, Luis
Other Authors: Saavedra Parra, Alejandro (profesor guía)
Format: Tesis
Language:Spanish
Published: Santiago, Chile: Universidad Academia de Humanismo Cristiano, 2018.
Subjects:
Online Access:Disponible en línea (PDF). Biblioteca Digital UAHC

MARC

LEADER 00000cmm a2200000 a 4500
001 000320
003 UAHC_CL
005 20221219150159.0
008 180718s2018 cl 000 spa
040 |a UAHC_CL  |c UAHC_CL  |d UAHC_CL 
100 |a Céspedes Inostroza, Luis  |9 3414 
245 1 0 |a Protagonismo de las asociaciones municipales en el proceso de descentralización  |c Luis Céspedes; profesor guía Alejandro Saavedra. 
260 |a Santiago, Chile:  |b Universidad Academia de Humanismo Cristiano,  |c 2018. 
300 |a 53 páginas. 
500 |a Tesis para optar al título de Ingeniero/a de Ejecución en Gestión Pública. 
502 |a Tesis (Ingeniería de Ejecución en Gestión Pública) -- Universidad Academia de Humanismo Cristiano, 2018. 
516 |a Tesis electrónica (PDF). Solicitar envío de documento a biblioteca@academia.cl. 
520 |a En principio y a modo de explicación, este texto ha sido el resultado de la labor de investigación, combinado con el estudio en libros y corroborando información, realizando entrevistas, comparando opiniones en distintas fuentes de información disponible en medios digitales, consultando en muchos casos en la historia de Chile y mundial, para entender los procesos que hoy vivimos como humanidad, las problemáticas que hoy enfrentamos. Así como también textos consultados en la biblioteca. No nos hemos basado solo en una metodología, sino más bien tratando de ser originales y si bien hemos comentado y citado varios autores, buscando fundamentación a las ideas sobre la descentralización, regionalización, y el rol que desarrollan las Asociaciones de Municipalidades y por cierto la influencia que está teniendo el proceso de globalización en todos los aspectos de la vida y en la formulación e implementación de las Políticas Públicas a nivel local, provincial, regional y nacional. Todo este trabajo teórico se vio enriquecido con la experiencia en torno a la labor efectuada, en la Asociación de Municipalidades del Valle del Maipo, que permitió ampliar la visión del contexto. 
650 0 |a Municipios  |x Gobierno y administración  |z Chile  |9 5972 
650 0 |9 3400  |a Descentralización administrativa  |z Chile 
700 |a Saavedra Parra, Alejandro  |e profesor guía  |9 3415 
856 |u http://bibliotecadigital.academia.cl/xmlui/handle/123456789/4483  |y Disponible en línea (PDF). Biblioteca Digital UAHC 
900 |a TIEGPU 528 
942 |c TS  |2 ddc 
952 |0 0  |1 0  |2 ddc  |4 0  |6 TIEGPU_528_000000000000000  |7 0  |8 COMP  |9 89979  |a BC  |b BC  |c Digital  |d 2018-05-09  |o TIEGPU 528  |r 2019-01-02 00:00:00  |w 2018-05-09  |y TS  |z Documento en PDF  |B IEGP 
999 |c 50717  |d 50717